|
|
|
|
| LEADER |
01000cam a2200265 ca4500 |
| 001 |
856802328 |
| 003 |
DE-627 |
| 005 |
20251224201718.0 |
| 007 |
tu |
| 008 |
160413m20179999gw ||||| 00| ||ger c |
| 015 |
|
|
|a 16,N15
|2 dnb
|
| 016 |
7 |
|
|a 1095559265
|2 DE-101
|
| 020 |
|
|
|a 9783110438918
|q : EUR 235.50 (AT), EUR 249.00 (DE), GBP 171.99 (GB) (freier Preis)
|
| 024 |
3 |
|
|a 9783110438918
|
| 035 |
|
|
|a (DE-627)856802328
|
| 035 |
|
|
|a (DE-576)9856802326
|
| 035 |
|
|
|a (DE-599)DNB1095559265
|
| 035 |
|
|
|a (OCoLC)946759115
|
| 040 |
|
|
|a DE-627
|b ger
|c DE-627
|e rda
|
| 041 |
|
|
|a ger
|
| 044 |
|
|
|c XA-DE-BE
|c XD-US
|
| 050 |
|
0 |
|a DD256.6
|
| 072 |
|
7 |
|a HIS022000
|2 bisacsh
|
| 072 |
|
7 |
|a HIS037070
|2 bisacsh
|
| 072 |
|
7 |
|a HIS043000
|2 bisacsh
|
| 072 |
|
7 |
|a HIS014000
|2 bisacsh
|
| 082 |
0 |
|
|a 001.09430904322
|q OBV
|
| 082 |
0 |
|
|a 943.0860922
|q Offline MPIB
|
| 082 |
0 |
|
|a 001.2094309043
|q Offline MPIB
|
| 082 |
0 |
4 |
|a 000
|a 943
|
| 082 |
0 |
4 |
|a 943
|q DNB
|
| 084 |
|
|
|a 000
|a 943
|2 sdnb
|
| 084 |
|
|
|a 10
|a 8,1
|2 ssgn
|
| 084 |
|
|
|a NC 1800
|q BVB
|2 rvk
|0 (DE-625)rvk/124416:
|
| 084 |
|
|
|a AK 15600
|q BVB
|2 rvk
|0 (DE-625)rvk/2522:
|
| 084 |
|
|
|a NQ 2120
|q BVB
|2 rvk
|0 (DE-625)rvk/128222:
|
| 084 |
|
|
|a NQ 2280
|q BVB
|2 rvk
|0 (DE-625)rvk/128242:
|
| 084 |
|
|
|a AK 16800
|q BVB
|2 rvk
|0 (DE-625)rvk/2535:
|
| 084 |
|
|
|a 02.01
|2 bkl
|
| 084 |
|
|
|a 15.43
|2 bkl
|
| 084 |
|
|
|a 73.00
|2 bkl
|
| 084 |
|
|
|a 89.21
|2 bkl
|
| 245 |
0 |
0 |
|a Handbuch der völkischen Wissenschaften
|b Akteure, Netzwerke, Forschungsprogramme
|c herausgegeben von Michael Fahlbusch, Ingo Haar und Alexander Pinwinkler ; unter Mitarbeit von David Hamann
|
| 250 |
|
|
|a 2., grundlegend erweiterte und überarbeitete Auflage
|
| 264 |
|
1 |
|a Berlin
|a Boston
|b De Gruyter Oldenbourg
|c [2017]
|
| 264 |
|
4 |
|c © 2017
|
| 336 |
|
|
|a Text
|b txt
|2 rdacontent
|
| 337 |
|
|
|a ohne Hilfsmittel zu benutzen
|b n
|2 rdamedia
|
| 338 |
|
|
|a Band
|b nc
|2 rdacarrier
|
| 490 |
0 |
|
|a Reference
|
| 650 |
|
0 |
|a National socialism and scholarship
|
| 650 |
|
0 |
|a Nationalism
|z Germany
|x History
|y 20th century
|
| 650 |
|
0 |
|a Learning and scholarship
|z Germany
|x History
|y 20th century
|
| 650 |
|
4 |
|a Geschichte
|
| 650 |
|
4 |
|a Geschichtswissenschaft
|
| 650 |
|
4 |
|a Völkische Wissenschaften
|
| 650 |
|
4 |
|a Wissenschaft
|
| 650 |
|
4 |
|a Wissenschaftsgeschichte
|
| 650 |
|
4 |
|a Wissenschaftsforschung
|
| 650 |
|
4 |
|a Nationalsozialismus
|
| 650 |
|
4 |
|a NS
|
| 650 |
|
4 |
|a Rassismus
|
| 650 |
|
4 |
|a Nachschlagewerk
|
| 650 |
|
4 |
|a Wissenschaft
|
| 650 |
|
4 |
|a Nationalsozialismus
|
| 650 |
|
4 |
|a Rassismus
|
| 650 |
|
4 |
|a Geschichte 1918-1960
|
| 650 |
|
4 |
|a Wörterbuch
|
| 651 |
|
0 |
|a Germany
|x Intellectual life
|y 20th century
|
| 651 |
|
7 |
|a Deutschland
|2 gnd
|
| 655 |
|
7 |
|a Wörterbuch
|0 (DE-588)4066724-8
|0 (DE-627)104682620
|0 (DE-576)209166061
|2 gnd-content
|
| 689 |
0 |
0 |
|D g
|0 (DE-588)4011882-4
|0 (DE-627)104704861
|0 (DE-576)208896155
|a Deutschland
|2 gnd
|
| 689 |
0 |
1 |
|D s
|0 (DE-588)4066562-8
|0 (DE-627)104393998
|0 (DE-576)209165138
|a Wissenschaft
|2 gnd
|
| 689 |
0 |
2 |
|D s
|0 (DE-588)4041316-0
|0 (DE-627)106219685
|0 (DE-576)209044454
|a Nationalsozialismus
|2 gnd
|
| 689 |
0 |
3 |
|D s
|0 (DE-588)4076527-1
|0 (DE-627)10445184X
|0 (DE-576)209202130
|a Rassismus
|2 gnd
|
| 689 |
0 |
4 |
|A z
|2 gnd
|a Geschichte 1918-1960
|
| 689 |
0 |
|
|5 DE-101
|
| 700 |
1 |
|
|a Fahlbusch, Michael
|d 1957-
|e herausgeberin
|0 (DE-588)1079253033
|0 (DE-627)84069234X
|0 (DE-576)452308704
|4 edt
|
| 700 |
1 |
|
|a Haar, Ingo
|d 1965-
|e herausgeberin
|0 (DE-588)1038117364
|0 (DE-627)756693551
|0 (DE-576)392141965
|4 edt
|
| 700 |
1 |
|
|a Pinwinkler, Alexander
|d 1975-
|e herausgeberin
|0 (DE-588)128835745
|0 (DE-627)382388461
|0 (DE-576)186469950
|4 edt
|
| 700 |
1 |
|
|a Hamann, David
|d 1981-
|e mitwirkender
|0 (DE-588)1140532707
|0 (DE-627)898533368
|0 (DE-576)382422074
|4 ctb
|
| 710 |
2 |
|
|a De Gruyter Oldenbourg
|e Verlag
|0 (DE-588)1065492103
|0 (DE-627)816192111
|0 (DE-576)42524153X
|4 pbl
|
| 776 |
1 |
|
|z 9783110429893
|c : (PDF)
|
| 776 |
1 |
|
|z 9783110429954
|c : (EPUB)
|
| 776 |
0 |
8 |
|i Erscheint auch als
|n Online-Ausgabe
|t Handbuch der völkischen Wissenschaften
|b 2., grundlegend erweiterte und überarbeitete Auflage
|d Berlin : De Gruyter Oldenbourg, 2017
|h 1 Online-Ressource (XXIV, 2255 Seiten)
|w (DE-627)858899108
|w (DE-576)493664831
|z 9783110429893
|z 9783110429954
|z 9783110429909
|z 3110438917
|
| 856 |
4 |
2 |
|u http://www.gbv.de/dms/faz-rez/FNUWD1201801245329601.pdf
|m V:DE-601
|m X:FAZ
|q application/pdf
|v 2019-01-08
|x Verlag
|y Rezension (FAZ)
|3 Rezension
|
| 856 |
4 |
2 |
|u http://hsozkult.geschichte.hu-berlin.de/rezensionen/2018-3-002
|x Verlag
|y Rezension
|
| 912 |
|
|
|a GBV_ILN_21
|
| 912 |
|
|
|a ISIL_DE-46
|
| 912 |
|
|
|a SYSFLAG_1
|
| 912 |
|
|
|a GBV_KXP
|
| 912 |
|
|
|a SSG-OPC-ANG
|
| 912 |
|
|
|a GBV_ILN_22
|
| 912 |
|
|
|a ISIL_DE-18
|
| 912 |
|
|
|a GBV_ILN_22_i31308
|
| 912 |
|
|
|a GBV_ILN_22_i29608
|
| 912 |
|
|
|a GBV_ILN_22_i30908
|
| 912 |
|
|
|a GBV_ILN_24
|
| 912 |
|
|
|a ISIL_DE-8
|
| 912 |
|
|
|a GBV_ILN_24_f100
|
| 912 |
|
|
|a GBV_ILN_31
|
| 912 |
|
|
|a ISIL_DE-27
|
| 912 |
|
|
|a GBV_ILN_39
|
| 912 |
|
|
|a ISIL_DE-547
|
| 912 |
|
|
|a GBV_ILN_40
|
| 912 |
|
|
|a ISIL_DE-7
|
| 912 |
|
|
|a GBV_ILN_40_i053
|
| 912 |
|
|
|a GBV_ILN_40_i037
|
| 912 |
|
|
|a GBV_ILN_50
|
| 912 |
|
|
|a ISIL_DE-23
|
| 912 |
|
|
|a GBV_ILN_60
|
| 912 |
|
|
|a ISIL_DE-705
|
| 912 |
|
|
|a GBV_ILN_61
|
| 912 |
|
|
|a ISIL_DE-32
|
| 912 |
|
|
|a GBV_ILN_62
|
| 912 |
|
|
|a ISIL_DE-28
|
| 912 |
|
|
|a GBV_ILN_65
|
| 912 |
|
|
|a ISIL_DE-3
|
| 912 |
|
|
|a GBV_ILN_70
|
| 912 |
|
|
|a ISIL_DE-89
|
| 912 |
|
|
|a GBV_ILN_72
|
| 912 |
|
|
|a ISIL_DE-35
|
| 912 |
|
|
|a GBV_ILN_92
|
| 912 |
|
|
|a ISIL_DE-33
|
| 912 |
|
|
|a GBV_ILN_121
|
| 912 |
|
|
|a ISIL_DE-45
|
| 912 |
|
|
|a GBV_ILN_130
|
| 912 |
|
|
|a ISIL_DE-700
|
| 912 |
|
|
|a GBV_ILN_171
|
| 912 |
|
|
|a ISIL_DE-Ha2
|
| 912 |
|
|
|a GBV_ILN_227
|
| 912 |
|
|
|a ISIL_DE-56
|
| 912 |
|
|
|a GBV_ILN_285
|
| 912 |
|
|
|a ISIL_DE-517
|
| 912 |
|
|
|a GBV_ILN_350
|
| 912 |
|
|
|a ISIL_DE-2795
|
| 912 |
|
|
|a GBV_ILN_350_
|
| 912 |
|
|
|a GBV_ILN_606
|
| 912 |
|
|
|a ISIL_DE-B1549
|
| 912 |
|
|
|a GBV_ILN_655
|
| 912 |
|
|
|a ISIL_DE-2840
|
| 912 |
|
|
|a GBV_ILN_735
|
| 912 |
|
|
|a ISIL_DE-2086
|
| 912 |
|
|
|a GBV_ILN_812
|
| 936 |
r |
v |
|a NC 1800
|b Deutsche Geschichte (einschließlich Österreich, Auslanddeutschtum und ehem. Ostgebiete)
|k Geschichte
|k Historische Hilfsmittel
|k Nachschlagewerke
|k Mittlere und Neue Geschichte
|k Deutsche Geschichte (einschließlich Österreich, Auslanddeutschtum und ehem. Ostgebiete)
|0 (DE-627)127148241X
|0 (DE-625)rvk/124416:
|0 (DE-576)20148241X
|
| 936 |
r |
v |
|a AK 15600
|b Handbücher
|k Allgemeines
|k Wissenschaftskunde und Wissenschaftsorganisation
|k Nachschlagewerke, Allgemeine Darstellungen
|k Handbücher
|0 (DE-627)127065652X
|0 (DE-625)rvk/2522:
|0 (DE-576)20065652X
|
| 936 |
r |
v |
|a NQ 2120
|b NS-Weltanschauung, Programm u.ä.
|k Geschichte
|k Geschichte seit 1918
|k Drittes Reich
|k Nationalsozialismus
|k NS-Weltanschauung, Programm u.ä.
|0 (DE-627)1270653059
|0 (DE-625)rvk/128222:
|0 (DE-576)200653059
|
| 936 |
r |
v |
|a NQ 2280
|b Kultur, Wissenschaft und Schulen, Erziehung
|k Geschichte
|k Geschichte seit 1918
|k Drittes Reich
|k Innere Geschichte
|k Kultur, Wissenschaft und Schulen, Erziehung
|0 (DE-627)1270810936
|0 (DE-625)rvk/128242:
|0 (DE-576)200810936
|
| 936 |
r |
v |
|a AK 16800
|b 20. Jahrhundert
|k Allgemeines
|k Wissenschaftskunde und Wissenschaftsorganisation
|k Biografien, Geschichte
|k Geschichte verschiedener Zeiträume
|k Neuere Zeit
|k 20. Jahrhundert
|0 (DE-627)1270656627
|0 (DE-625)rvk/2535:
|0 (DE-576)200656627
|
| 936 |
b |
k |
|a 02.01
|j Geschichte der Wissenschaft und Kultur
|0 (DE-627)106403168
|
| 936 |
b |
k |
|a 15.43
|j Deutsche Geschichte des 19. Jahrhunderts bis zur Gegenwart
|0 (DE-627)181569701
|
| 936 |
b |
k |
|a 73.00
|j Ethnologie: Allgemeines
|0 (DE-627)10642016X
|
| 936 |
b |
k |
|a 89.21
|j Faschismus
|0 (DE-627)106414607
|
| 951 |
|
|
|a MC
|
| 953 |
|
|
|2 045F
|a 001.09430904322
|u https://www.gbv.de/dms/ddc/001.09430904322.pdf
|
| 953 |
|
|
|2 045F
|a 943.0860922
|u https://www.gbv.de/dms/ddc/943.0860922.pdf
|
| 953 |
|
|
|2 045F
|a 001.2094309043
|u https://www.gbv.de/dms/ddc/001.2094309043.pdf
|
| 980 |
|
|
|2 21
|1 01
|x 0046
|b 1694003396
|y xza
|z 11-10-17
|
| 980 |
|
|
|2 22
|1 01
|x 0018
|b 1724423045
|h SUBrin2017
|y xu
|z 28-11-17
|
| 980 |
|
|
|2 22
|1 02
|x 0018
|b 1757452303
|y xi31308
|z 05-12-17
|
| 980 |
|
|
|2 22
|1 03
|x 0018
|b 1762306425
|y xi29608
|z 29-03-18
|
| 980 |
|
|
|2 22
|1 04
|x 0018
|b 3523253497
|y xi30908
|z 16-10-19
|
| 980 |
|
|
|2 24
|1 01
|x 0008
|b 1716172152
|y xf100
|z 19-10-17
|
| 980 |
|
|
|2 24
|1 02
|x 0008
|b 1788732243
|y xz1
|z 27-07-18
|
| 980 |
|
|
|2 31
|1 01
|x 0027
|b 1782053689
|y x
|z 01-08-18
|
| 980 |
|
|
|2 39
|1 01
|x 0547
|b 1777962498
|y xe
|z 07-11-18
|
| 980 |
|
|
|2 39
|1 02
|x 0547
|b 1784337455
|y xg
|z 02-08-18
|
| 980 |
|
|
|2 40
|1 01
|x 0007
|b 1728856906
|y xi053
|z 29-01-18
|
| 980 |
|
|
|2 40
|1 02
|x 0007
|b 1742231020
|y asn
|z 18-01-18
|
| 980 |
|
|
|2 40
|1 03
|x 7/45
|b 174901968X
|c 00
|f 7/037:DRG
|d --%%--
|e i
|j --%%--
|y xi037
|z 08-02-18
|
| 980 |
|
|
|2 50
|1 01
|x 0023
|b 1743987285
|y x
|z 21-03-18
|
| 980 |
|
|
|2 60
|1 01
|x 0705
|b 1725329387
|y x
|z 07-12-17
|
| 980 |
|
|
|2 61
|1 01
|x 0032
|b 1725566192
|y x
|z 23-01-18
|
| 980 |
|
|
|2 62
|1 01
|x 0028
|b 1703800656
|h ACQ
|y x
|z 27-07-17
|
| 980 |
|
|
|2 65
|1 01
|x 0003
|b 1767853645
|y x
|z 02-05-18
|
| 980 |
|
|
|2 70
|1 80
|x 0089
|b 1713627213
|y xsg
|z 16-10-17
|
| 980 |
|
|
|2 72
|1 01
|x 0035
|b 1714777324
|y xz
|z 12-10-17
|
| 980 |
|
|
|2 92
|1 01
|x 0033
|b 3543081357
|y x
|z 20-11-19
|
| 980 |
|
|
|2 121
|1 01
|x 0045
|b 3614736601
|h alma
|y x
|z 27-03-20
|
| 980 |
|
|
|2 130
|1 01
|x 0700
|b 1725710293
|y xg
|z 12-12-17
|
| 980 |
|
|
|2 171
|1 01
|x 3309
|b 1729564127
|y x
|z 11-12-17
|
| 980 |
|
|
|2 227
|1 01
|x 0056
|b 1763702235
|y x
|z 05-04-18
|
| 980 |
|
|
|2 285
|1 01
|x 0517
|b 3505707619
|y x
|z 08-08-19
|
| 980 |
|
|
|2 350
|1 01
|x 8293
|b 1716215714
|c 00
|f MAG1
|d Le 2263
|e i
|j --%%--
|y z
|z 19-10-17
|
| 980 |
|
|
|2 606
|1 01
|x 4606
|b 1724728644
|y xt
|z 22-11-17
|
| 980 |
|
|
|2 655
|1 01
|x 4655
|b 3725615942
|y x
|z 17-07-20
|
| 980 |
|
|
|2 735
|1 01
|x 4735
|b 3826573404
|c 00
|f G R.219
|d ARL-Aa III 12
|e c
|j --%%--
|y z
|z 17-12-20
|
| 980 |
|
|
|2 812
|1 01
|x 4812/0002
|b 3831080771
|c 00
|f S
|d --%%--
|e --%%--
|j --%%--
|y xA
|z 06-01-21
|
| 983 |
|
|
|2 21
|1 00
|x DE-46
|8 30
|a hit 337 7w
|
| 983 |
|
|
|2 21
|1 00
|x DE-46
|8 31
|a all 830
|
| 983 |
|
|
|2 21
|1 00
|x DE-46
|8 99
|a 25
|
| 983 |
|
|
|2 24
|1 02
|x 0008
|8 50
|0 (DE-627)058120890
|a wis 256
|b Wissenschaft
|b Geschichte 1900-
|
| 983 |
|
|
|2 39
|1 00
|x DE-547
|8 00
|a NQ 2280
|
| 983 |
|
|
|2 40
|1 00
|x DE-7
|8 00
|0 (DE-627)621354945
|a PIP 300
|b Gesellschaft {Deutsche Geschichte: 1933-1945}
|
| 983 |
|
|
|2 40
|1 00
|x DE-7
|8 01
|0 (DE-627)62135497X
|a PIP 500
|b Kultur {Deutsche Geschichte: 1933-1945}
|
| 983 |
|
|
|2 60
|1 00
|x DE-705
|8 05
|a POL 058:YD0014
|
| 983 |
|
|
|2 812
|1 00
|x 4812
|8 00
|a 8 Ad
|
| 983 |
|
|
|2 812
|1 00
|x 4812
|8 01
|a 8 Bk
|
| 985 |
|
|
|2 735
|1 01
|x 4735
|a 2017/28120
|
| 995 |
|
|
|2 22
|1 01
|x 0018
|a SUBrin2017
|
| 995 |
|
|
|2 62
|1 01
|x 0028
|a ACQ
|
| 995 |
|
|
|2 121
|1 01
|x 0045
|a alma
|